The Supreme Court Election Petition No . 1 of 2001 Col.(RTD) Dr. Besigye Kizza Vs Museveni Yoweri Kaguta and Electoral Commission. (Record no. 3588)

MARC details
000 -LEADER
fixed length control field 00492nam a22001097a 4500
008 - FIXED-LENGTH DATA ELEMENTS--GENERAL INFORMATION
fixed length control field 110622t xxu||||| |||| 00| 0 eng d
010 ## - LIBRARY OF CONGRESS CONTROL NUMBER
LC control number SCEP Vol.2
245 ## - TITLE STATEMENT
Title The Supreme Court Election Petition No . 1 of 2001 Col.(RTD) Dr. Besigye Kizza Vs Museveni Yoweri Kaguta and Electoral Commission.
260 ## - PUBLICATION, DISTRIBUTION, ETC. (IMPRINT)
Date of publication, distribution, etc 2001
500 ## - GENERAL NOTE
General note Coram: Tsekooko, J.S.C. , Karokora, J.S.C. and Mulenga, J.S.C.
Holdings
Withdrawn status Lost status Source of classification or shelving scheme Damaged status Koha normalized classification for sorting Not for loan Location (home branch) Sublocation or collection (holding branch) Shelving location Date acquired Koha issues (times borrowed) Koha full call number Piece designation (barcode) Koha date last seen Price effective from Koha item type
    Dewey Decimal Classification   SCEP_VOL_11   Law Development Centre Main Library Law Development Centre Main Library Law Reports 06/22/2011   SCEP Vol.11 1/2001/001 06/22/2011 06/22/2011 Un Reported Cases